000
00328nam a2200133Ia 4500
008
220216s9999 xx 000 0 und d
100
_a
Philip S
245
0
_a
Corynespora ila rogavum niyanthrana margangalum
260
_b
Rubber
_c
2019
300
_a
11-Jul
650
_a
Corynespora
650
_a
Disease control
942
_c
JS
999
_c
56418
_d
56418